Score 0/24 Timer 06:00
0 Plays Today
% Correct
Friends
98.4%
The Big Bang Theory
94.1%
Golden Girls
93.8%
How I Met Your Mother
93.4%
Cheers
92.6%
Seinfeld
92.4%
Everybody Loves Raymond
91.6%
Modern Family
91.2%
I Love Lucy
87.7%
That 70s Show
87.3%
Roseanne
84.4%
The King of Queens
82.8%
% Correct
Parks and Recreation
82.2%
All in the Family
80.1%
New Girl
77.3%
The Jeffersons
75.9%
Will and Grace
73.2%
Leave it to Beaver
69.6%
The Odd Couple
60.7%
Veep
58.6%
Drake and Josh
49.4%
Yes, Dear
27.8%
Up All Night
25.5%
Quintuplets
7.2%
Remove Ads.
Support Sporcle.
Get the best of Sporcle when you Go Orange. This ad-free experience offers more features, more stats, and more fun while also helping to support Sporcle. Thank you for becoming a member.

You're not logged in!

Compare scores with friends on all Sporcle quizzes.
OR
Log In

Show Comments

Extras

Top Quizzes Today


Score Distribution

Your Account Isn't Verified!

In order to create a playlist on Sporcle, you need to verify the email address you used during registration. Go to your Sporcle Settings to finish the process.

Report this User

Report this user for behavior that violates our Community Guidelines.

Details: